| 000 -LEADER |
| fixed length control field |
01001nam a2200229Ia 4500 |
| 001 - CONTROL NUMBER |
| control field |
9098 |
| 003 - CONTROL NUMBER IDENTIFIER |
| control field |
GE_BSU |
| 008 - FIXED-LENGTH DATA ELEMENTS--GENERAL INFORMATION |
| fixed length control field |
181216s||||||||xx |||||||||||||| ||und|| |
| 040 ## - CATALOGING SOURCE |
| Transcribing agency |
GE_BSU |
| 080 ## - UNIVERSAL DECIMAL CLASSIFICATION NUMBER |
| Universal Decimal Classification number |
821-1 |
| 100 ## - MAIN ENTRY--PERSONAL NAME |
| Personal name |
ლებანიძე,მურმან |
| 245 ## - TITLE STATEMENT |
| Title |
უკვდავი ყვავილები |
| 245 ## - TITLE STATEMENT |
| Remainder of title |
რჩეული თარგმანები:რობერტ ბერნსი,რედიარდ კიპლინგი,რუსი მგოსნები,იაპონური პოეზია,ძველეგვიპტური ლირიკა |
| 245 ## - TITLE STATEMENT |
| Statement of responsibility, etc. |
რედ.ე.კეჭაღმაძე.მხატვ.გურამ ლონტი |
| 260 ## - PUBLICATION, DISTRIBUTION, ETC. |
| Place of publication, distribution, etc. |
თბილისი |
| 260 ## - PUBLICATION, DISTRIBUTION, ETC. |
| Name of publisher, distributor, etc. |
მერანი |
| 260 ## - PUBLICATION, DISTRIBUTION, ETC. |
| Date of publication, distribution, etc. |
1971 |
| 300 ## - PHYSICAL DESCRIPTION |
| Extent |
431გვ.ილ.17სმ. |
| 653 ## - INDEX TERM--UNCONTROLLED |
| Uncontrolled term |
რჩეული თარგმანები |
| 653 ## - INDEX TERM--UNCONTROLLED |
| Uncontrolled term |
უკვდავი ყვავილები |
| 942 ## - ADDED ENTRY ELEMENTS (KOHA) |
| Koha item type |
წიგნი |